Регионална библиотека "Любен Каравелов" - Русе

American Federalism and Public Policy (Запис номер 38877)

MARC детайли
000 -Лидер
Контролно поле с фиксирана дължина 01630nam a2200421 c 4500
003 - Код на организацията, давaща контролен номер
Контролно поле BLK
005 - Дата и час на последна редакция
Контролно поле 20180420221110.0
008 - Елементи от данни с фиксирана дължина
fixed length control field 180408b bul|||||r ||||||| ||bul||
010 ## - Наследен системен номер
LC control number KNG00042148000
020 ## - Международен стандартен номер на книга ISBN
Международен стандартен номер на книга ISBN 0-394-35362-5
-- издат.: Random House
040 ## - Източник на каталожния запис
Идентификатор на билиотеката - собственик на записа BLK
041 ## - Код за език
Код за езика на текст/звукозапис или на отделно заглавие Английски
Код за езика КДБФ Английски
080 ## - УДК
Текстов определител УДК Федерална власт
УДК код - определител по УДК 321.011.3
УДК определител (73)
УДК - код + определител 321.011.3(73)
080 ## - УДК
Текстов определител УДК Автономия и самоуправление на националностите - Централизъм, унитаризъм, децентрализация, федерализъм, сепаратизъм, регионална автономия
УДК код - определител по УДК 323.17
УДК определител (73)
УДК - код + определител 323.17(73)
100 1# - Редна дума - Автор
Автор Anton, Thomas Julius
Авторска отговорност първи автор
R(LIN) 276323
139 ## - Редно поле
Редна дума Anton, Thomas Julius
Авторски знак Ant - A 62
245 10 - Сведения за заглавието
Заглавие American Federalism and Public Policy
Подзаглавни данни How the System Works
Редно поле (дума) Thomas Julius Anton.
257 ## - Страна на издаване
Страна на създаване/издаване Съединени американски щати
260 ## - Област на издателските данни
-- New York
Име на издателя, разпространителя и проч. Random House
Година на издаване 1989
300 ## - Физическа характеристика
Страници XII, 244 p.
Илюстрации и др. tabl.
Размери/Мащаб 23 cm
380 ## - Жанр
Жанр Обществени науки
490 1# - СЕРИИ (Колекции)
Име на серия Random House Series in Political Science
500 ## - Общи забележки
Забележка About the Author. - Index. - Ref. p. 232-234.
504 ## - Забележка за наличие на библиография и др
Забележка за наличие на библиография и под. 232-234
650 #4 - Допълнително описание по предмет – тема
Основно описание – тема или топоним Федерализъм
9 (RLIN) 175200
650 #4 - Допълнително описание по предмет – тема
Основно описание – тема или топоним Политика - САЩ
9 (RLIN) 276324
650 #4 - Допълнително описание по предмет – тема
Основно описание – тема или топоним САЩ - държавно устройство
9 (RLIN) 276325
651 #4 - Допълнително описание по предмет - топоним
Географско понятие САЩ
9 (RLIN) 179493
653 ## - Ключова дума – ненормативна
Ключова дума федерализъм
653 ## - Ключова дума – ненормативна
Ключова дума държавно устройство
653 ## - Ключова дума – ненормативна
Ключова дума политика
653 ## - Ключова дума – ненормативна
Ключова дума САЩ
852 ## - Местоположение
Форматна сигнатура Цб 175839
856 4# - Електронен адрес и достъп
Електронен формат pdf - файл
Път до файла /url/
856 4# - Електронен адрес и достъп
Електронен формат pdf - файл
Път до файла /url/
942 ## - АРТИКУЛИ
Вид на библиотечния материал Книги
Скрит в OPAC Не
944 ## - СЪЗДАВАНЕ И РЕДАКЦИЯ на ЗАПИСА
Създаване/Редакция Създаване
Дата на регистрацията/редакция 15.01.2003
Статус, дата на статуса ф /
Служител, извършил регистрацията/редакцията Людмила_Стоянова
944 ## - СЪЗДАВАНЕ И РЕДАКЦИЯ на ЗАПИСА
Създаване/Редакция Редакция
Дата на регистрацията/редакция 18.11.2009
Статус, дата на статуса ф /
Служител, извършил регистрацията/редакцията
999 ## - СИСТЕМНИ КОНТРОЛНИ НОМЕРА
Koha biblionumber 38877
Koha biblioitemnumber 38877
Наличности
Код за отписване Код за изгубен артикул Източник на класификационната схема Код за повреда Коз за рестрикции Код за отдаване Артикулен № Име на библиотеката - собственик Име на библиотеката, в която се намира в момента Статус (Текущо местоположение) Дата на вписване в системата Местоположение - отдел Цена в лева Инвентарен номер Систематично азбучна сигнатура Баркод Номер на екземпляра Цена в евро Служебна бележка Служебен тип на артикула
Изтеглен Не е изгубен Universal Decimal Classification Не е повреден без рестрикции заемане за дома 60880 Регионална библиотека "Любен Каравелов" Русе Регионална библиотека "Любен Каравелов" Русе Заемна - подръчен фонд 2001-01-01 Заемна - подръчен фонд 10.50 593816 П 32/A 62 593816 1 5.37 Дост: DA Вид: А N: стар фонд Дата: 01.01.1989 Дата инв: 02.02.2018 Бележки инв: П2018 Книги
  Не е изгубен   Не е повреден без рестрикции заемане за дома 60881 Регионална библиотека "Любен Каравелов" Русе Регионална библиотека "Любен Каравелов" Русе ЧЧЗО - англ. ез. - Британски съвет 2009-10-26 ЧЧЗО - англ. ез. - Британски съвет 10.00 120000739315 Ч3 32/A 62 120000739315 2 5.11 Дост: DA Вид: А N: 13 Дата: 26.10.2009 Дата инв: 20.03.2015 Бележки инв: Ч32015 Книги
Vip Innovations Ltd, Rousse, Bulgaria 2025